Potreba ponuky sociálnych služieb pre seniorov v podmienkach trvalo udržateľného rozvoja
Význam sociálnych služieb narastá so súčasným trendom v demografickom vývoji. Demografické smerovanie Slovenska - obyvateľstvo bude starnúť. Index starnutia EÚ 27. Starnutie obyvateľstva - prognóza. Sociálne služby, formy. Extrapolácia demografických údajov na ponuku a dopyt po sociálnych službách.
Salvato in:
| Autore principale: | |
|---|---|
| Natura: | Capitolo di libro |
| Lingua: | slovacco |
| Soggetti: | |
| Tags: |
Nessun Tag, puoi essere il primo ad aggiungerne!!
|
MARC
| LEADER | 00000naa$a2200000$$$4500 | ||
|---|---|---|---|
| 001 | 0097025 | ||
| 005 | 20240502072056.8 | ||
| 041 | 0 | |a slo | |
| 044 | |a SK | ||
| 245 | 1 | 0 | |a Potreba ponuky sociálnych služieb pre seniorov v podmienkach trvalo udržateľného rozvoja |c Michal Kraus |
| 520 | |a Význam sociálnych služieb narastá so súčasným trendom v demografickom vývoji. Demografické smerovanie Slovenska - obyvateľstvo bude starnúť. Index starnutia EÚ 27. Starnutie obyvateľstva - prognóza. Sociálne služby, formy. Extrapolácia demografických údajov na ponuku a dopyt po sociálnych službách. | ||
| 610 | 2 | 0 | |a demografia |
| 610 | 2 | 0 | |a starnutie populácie |
| 610 | 2 | 0 | |a seniori |
| 610 | 2 | 0 | |a služby sociálne |
| 100 | 1 | |a Kraus, Michal | |